Catálogo

Vista normal Vista MARC

Entrada Personal Name

Número de registros utilizados en: 1

001 - CONTROL NUMBER

  • control field: 4275

003 - CONTROL NUMBER IDENTIFIER

  • control field: DLC

005 - DATE AND TIME OF LATEST TRANSACTION

  • control field: 20211108084849.0

008 - FIXED-LENGTH DATA ELEMENTS

  • fixed length control field: 150731n| azannaabn |n aaa c

010 ## - LIBRARY OF CONGRESS CONTROL NUMBER

  • LC control number: no2015100957

035 ## - SYSTEM CONTROL NUMBER

  • System control number: (OCoLC)oca10232180

040 ## - CATALOGING SOURCE

  • Original cataloging agency: CaBVa
  • Language of cataloging: spa
  • Description conventions: rda
  • Transcribing agency: Mx-PuUPA
  • Modifying agency: Mx-PuUPA

100 1# - HEADING--PERSONAL NAME

  • Personal name: Ivtzan, Itai,

373 ## - ASSOCIATED GROUP

  • Associated group: Universidad de East London
  • Source of term: naf

374 ## - OCCUPATION

  • Occupation: Autor
  • Occupation: Psicólogo
  • Occupation: Profesor universitario
  • Source of term: lcsh

375 ## - GENDER

  • Gender: hombre

377 ## - ASSOCIATED LANGUAGE

  • Language code: eng

670 ## - SOURCE DATA FOUND

  • Source citation: Awareness is freedom, 2015:
  • Information found: title page (Dr Itai Ivtzan) page 4 of cover (Dr Itai Ivtzan is a positive psychologist, a senior lecturer, and the program leader of MAPP (Masters in Applied Positive Psychology) at the University of East London)